Economics of Farm Production and Management (Record no. 3870)

MARC details
000 -LEADER
fixed length control field 00426nam a22001457a 4500
008 - FIXED-LENGTH DATA ELEMENTS--GENERAL INFORMATION
fixed length control field 250617b |||||||| |||| 00| 0 eng d
020 ## - INTERNATIONAL STANDARD BOOK NUMBER
ISBN 9788120404236
100 ## - MAIN ENTRY--AUTHOR
Author Raju V.T
245 ## - TITLE STATEMENT
Title Economics of Farm Production and Management
260 ## - PUBLICATION, DISTRIBUTION, ETC. (IMPRINT)
Place of publication New Delhi
Name of publisher CBS Publishers and Distributors
Date of publication 2024
300 ## - COLLATION
Pagination 207p
650 ## - TRACINGS
Main Subject Agriculture-Economics Aspects
Subdivision (1st) Farm Management
942 ## - ADDED ENTRY ELEMENTS (KOHA)
Item type Books
050 ## - LIBRARY OF CONGRESS CALL NUMBER
Classification number HD 2075
Item number .R 35
Holdings
Source of classification or shelving scheme Not for loan Permanent location Current location Date acquired Accession No. Full call number Barcode. Koha item type
Library of Congress Classification   Samuel Ogbemudia Main Library, University of Abuja Samuel Ogbemudia Main Library, University of Abuja 06/17/2025 2024/62047 HD 2075 .R 35 2025-2552 Books